Statistics for Presidential Candidates

Click here to take the quiz!

General Stats

  • This quiz has been taken 29 times
  • The average score is 82 of 128

Answer Stats

PartyYearCandidate% Correct
Democratic2008Barack Obama
96%
Democratic2012Barack Obama
96%
Republican1992George H. W. Bush
96%
Republican1988George H. W. Bush
96%
Republican2004George W. Bush
96%
Republican2000George W. Bush
96%
Democratic1996Bill Clinton
92%
Democratic1992Bill Clinton
92%
Democratic-Republican1812DeWitt Clinton
92%
Republican1956Dwight D. Eisenhower
92%
Republican1952Dwight D. Eisenhower
92%
Democratic1936Franklin D. Roosevelt
92%
Democratic1932Franklin D. Roosevelt
92%
Democratic1944Franklin D. Roosevelt
92%
Democratic1940Franklin D. Roosevelt
92%
Republican1960Richard Nixon
92%
Republican1968Richard Nixon
92%
Republican1972Richard Nixon
92%
Republican1984Ronald Reagan
92%
Republican1980Ronald Reagan
92%
Progressive1912Theodore Roosevelt
92%
Republican1904Theodore Roosevelt
92%
Democratic2000Al Gore
88%
Non-Partisan1788George Washington
88%
Non-Partisan1792George Washington
88%
Democratic1980Jimmy Carter
88%
Democratic1976Jimmy Carter
88%
Democratic1964Lyndon B. Johnson
88%
Democratic1916Woodrow Wilson
88%
Democratic1912Woodrow Wilson
88%
National Union1864Abraham Lincoln
85%
Republican1860Abraham Lincoln
85%
Democratic1832Andrew Jackson
85%
Democratic1828Andrew Jackson
85%
Democratic-Republican1824Andrew Jackson
85%
Republican1976Gerald Ford
85%
Democratic1948Harry S. Truman
85%
Federalist1796John Adams
85%
Federalist1800John Adams
85%
Democratic1960John F. Kennedy
85%
Republican2008John McCain
85%
Democratic-Republican1824John Q. Adams
85%
National Republican1828John Q. Adams
85%
Republican2012Mitt Romney
85%
Republican1996Bob Dole
81%
Republican1928Herbert Hoover
81%
Republican1932Herbert Hoover
81%
Democratic2004John Kerry
81%
Democratic-Republican1796Thomas Jefferson
81%
Democratic-Republican1800Thomas Jefferson
81%
Democratic-Republican1804Thomas Jefferson
81%
Republican1892Benjamin Harrison
77%
Republican1888Benjamin Harrison
77%
Democratic-Republican1816James Monroe
77%
Democratic-Republican1820James Monroe
77%
Republican1868Ulysses S. Grant
77%
Republican1872Ulysses S. Grant
77%
Whig1836William H. Harrison
77%
Whig1840William H. Harrison
77%
Democratic-Republican1812James Madison
73%
Democratic-Republican1808James Madison
73%
Republican1876Rutherford B. Hayes
73%
Republican1908William H. Taft
73%
Republican1912William H. Taft
73%
Republican1924Calvin Coolidge
69%
Democratic1988Michael Dukakis
69%
Reform1996Ross Perot
69%
Independent1992Ross Perot
69%
Democratic1952Adlai Stevenson
65%
Democratic1956Adlai Stevenson
65%
Democratic1928Al Smith
65%
Democratic1984Walter Mondale
65%
Democratic1892Grover Cleveland
62%
Democratic1888Grover Cleveland
62%
Democratic1884Grover Cleveland
62%
Republican1880James A. Garfield
62%
Democratic1840Martin Van Buren
62%
Free Soil1848Martin Van Buren
62%
Democratic1836Martin Van Buren
62%
Republican1920Warren G. Harding
62%
Republican1900William McKinley
62%
Republican1896William McKinley
62%
Whig1848Zachary Taylor
62%
Democratic1852Franklin Pierce
58%
Democratic1968Hubert Humphrey
58%
Democratic1856James Buchanan
58%
Democratic1844James K. Polk
58%
American1856Millard Fillmore
58%
Republican1944Thomas E. Dewey
58%
Republican1948Thomas E. Dewey
58%
Republican1964Barry Goldwater
54%
Democratic1972George McGovern
54%
American Independent1968George Wallace
54%
Democratic1900William J. Bryan
46%
Democratic1908William J. Bryan
46%
Democratic1896William J. Bryan
46%
Whig1844Henry Clay
38%
Democratic-Republican1824Henry Clay
38%
National Republican1832Henry Clay
38%
Independent1980John B. Anderson
38%
Federalist1820No Candidate
38%
Democratic1860Stephen A. Douglas
38%
Republican1936Alf Landon
31%
Democratic1864George B. McClellan
31%
Liberal Republican1872Horace Greeley
31%
Democratic1924John W. Davis
31%
Democratic1876Samuel J. Tilden
31%
Republican1940Wendell Willkie
31%
Socialist1912Eugene V. Debs
27%
Republican1856John C. Fremont
27%
Federalist1816Rufus King
27%
Federalist1808Charles C. Pinckney
23%
Federalist1804Charles C. Pinckney
23%
Democratic1920James M. Cox
23%
Southern Democratic1860John C. Breckinridge
23%
Democratic1848Lewis Cass
23%
Whig1852Winfield Scott
23%
Republican1884James G. Blaine
19%
Democratic1880Winfield S. Hancock
19%
Democratic1904Alton B. Parker
15%
Republican1916Charles E. Hughes
15%
Democratic1868Horatio Seymour
15%
Constitutional Union1860John Bell
15%
Democratic-Republican1824William H. Crawford
15%
Whig1836Hugh L. White
12%
People's1892James B. Weaver
12%
Anti-Masonic1832William Wirt
12%
Progressive1924Robert M. LaFolette
8%

Score Distribution

Percentile by Number Answered

Percent of People with Each Score

Your Score History

You have not taken this quiz